| 000 | 01080nam a22002057a 4500 | ||
|---|---|---|---|
| 999 |
_c15749 _d15749 |
||
| 003 | AR-CdUCM | ||
| 008 | 190329b ||||| |||| 00| 0 spa d | ||
| 040 |
_aMUNICIPALIDAD PROVINCIAL DEL CUSCO _cBIBLIOTECA MUNICIPAL DEL CUSCO |
||
| 082 |
_a985.41 / _bZ24 A / 1958 |
||
| 100 |
_aZamácola y Jáuregui, Juan Domingo de _926542 |
||
| 245 | _aApuntes para la historia de Arequipa / | ||
| 260 |
_aArequipa : _bMejia Vaca, _c1958. |
||
| 300 |
_a98 paginas ; _c17 cm. |
||
| 505 | _aContenido : Apuntes para la historia de Arequipa -- Noticia del cura Zamácola, por Jose Hurtado de Villafuerte -- Comunicaciones del párroco de Cayma D. Juan Domingo Zamácola al intendente de Arequipa D. Antonio Alvarez, relacionadas con la visita a su doctrina -- El párroco de Cayma sugiere al intendente de Arequipa que aprovechando de la mensura y concesión de solares en su doctrina, se aproveche para abrir nuevas calles... | ||
| 650 |
_aHistoria de Arequipa _91704 |
||
| 650 |
_aPoblado de Cayma _926543 |
||
| 650 |
_aPárroco _926544 |
||
| 942 |
_2ddc _cLIBROS |
||
| 945 |
_awnts _d2019-04-29 |
||